All 425 Counties of the United States in 1800 on a Map - Statistics

General Stats
  • This quiz has been taken 1,179 times
  • The average score is 108 of 425
Answers on the Map
Answers color-coded by a green-red scale on the quiz's map according to % correct below.
 
Answer Stats
County % Correct
Washington
87%
New York
72%
Jefferson
70%
Richmond
69%
Adams
67%
Charles
64%
Erie
64%
Philadelphia
64%
York
64%
Albany
62%
Richmond
62%
Queens
61%
Essex
57%
Kings
57%
Green
55%
Norfolk
55%
Charleston
54%
Franklin
54%
Hartford
54%
Providence
54%
Baltimore
53%
Kent
53%
Madison
53%
Suffolk
53%
Monroe
52%
Ohio
52%
Columbia
51%
Jackson
50%
Sussex
50%
Worcester
47%
Charlotte
46%
Lincoln
46%
Hamilton
44%
New Haven
44%
Pitt
44%
Delaware
43%
Lancaster
43%
Plymouth
43%
Prince William
43%
Nantucket
42%
Orange
42%
Augusta
40%
Chester
39%
Newport
39%
Middlesex
38%
Ontario
37%
Salem
37%
Hampshire
36%
Lee
36%
Bristol
35%
New Castle
35%
Allegheny
34%
Montgomery
34%
Nash
34%
Alexandria
33%
Burlington
33%
Cumberland
33%
Westchester
32%
Berks
31%
Northampton
31%
Somerset
30%
Camden
29%
Fairfax
29%
Gloucester
29%
Clark
28%
Knox
28%
New London
28%
Prince George
28%
Prince George's
28%
Smith
28%
Wayne
28%
Bucks
27%
Frederick
27%
Southampton
27%
Bergen
26%
Cape May
26%
Clinton
26%
Fayette
26%
Harrison
26%
Bedford
25%
Berkshire
24%
Fairfield
23%
Georgetown
23%
Greene
23%
Henry
23%
Union
23%
Barnstable
22%
Greenville
22%
Hancock
22%
Mecklenburg
22%
Morris
22%
Warren
22%
Jones
21%
Monmouth
21%
Brunswick
20%
Surry
20%
Wake
20%
Anne Arundel
19%
Bath
19%
Butler
19%
Davidson
19%
Dukes
19%
Hanover
19%
Northumberland
19%
Queen Anne's
19%
Rutland
19%
Saratoga
19%
Westmoreland
19%
Ashe
18%
Mercer
18%
Oneida
18%
Rockland
18%
Wood
18%
Beaver
17%
Buckingham
17%
Centre
17%
Cheshire
17%
Chesterfield
17%
Dutchess
17%
Isle of Wight
17%
King George
17%
Rockingham
17%
Stafford
17%
St. Mary's
17%
Ulster
17%
Wilson
17%
Windsor
17%
Boone
16%
Caroline
16%
Carter
16%
Dorchester
16%
Marion
16%
Martin
16%
Warwick
16%
Chatham
15%
Liberty
15%
Litchfield
15%
Sullivan
15%
Accomack
14%
Albemarle
14%
Calvert
14%
Cecil
14%
Henrico
14%
Hunterdon
14%
King and Queen
14%
Loudoun
14%
Orleans
14%
Shenandoah
14%
Tolland
14%
Windham
14%
Beaufort
13%
Bennington
13%
Berkeley
13%
Campbell
13%
Cayuga
13%
Crawford
13%
Dauphin
13%
Halifax
13%
Herkimer
13%
King William
13%
Mason
13%
Onondaga
13%
Scott
13%
Spartanburg
13%
Spotsylvania
13%
Tioga
13%
Hillsborough
12%
Huntingdon
12%
Johnston
12%
Kanawha
12%
Moore
12%
Prince Edward
12%
Richland
12%
Steuben
12%
Sumter
12%
Talbot
12%
Amherst
11%
Armstrong
11%
Chittenden
11%
Fauquier
11%
Grafton
11%
Harford
11%
Henderson
11%
Hertford
11%
Luzerne
11%
Nelson
11%
Powhatan
11%
Wilkes
11%
Addison
10%
Allegany
10%
Amelia
10%
Buncombe
10%
Charles City
10%
Culpeper
10%
Currituck
10%
Gates
10%
Goochland
10%
Guilford
10%
James City
10%
Marlboro
10%
New Hanover
10%
New Kent
10%
Orangeburg
10%
Otsego
10%
Patrick
10%
Pittsylvania
10%
Randolph
10%
Rensselaer
10%
Strafford
10%
Williamson
10%
Burke
9%
Caledonia
9%
Carteret
9%
Hyde
9%
Kennebec
9%
Louisa
9%
Lycoming
9%
Mifflin
9%
Princess Anne
9%
Pulaski
9%
Robertson
9%
Rutherford
9%
Schoharie
9%
Shelby
9%
Venango
9%
Wythe
9%
Anson
8%
Bertie
8%
Botetourt
8%
Cabarrus
8%
Chenango
8%
Colleton
8%
Darlington
8%
Floyd
8%
Fluvanna
8%
Greensville
8%
Livingston
8%
Logan
8%
Pasquotank
8%
Robeson
8%
Rockbridge
8%
Sampson
8%
Trumbull
8%
Abbeville
7%
Barnwell
7%
Bladen
7%
Bourbon
7%
Bryan
7%
Chowan
7%
Craven
7%
Edgecombe
7%
Edgefield
7%
Grayson
7%
Hardin
7%
Iredell
7%
Laurens
7%
Lunenburg
7%
Mathews
7%
Monongalia
7%
Newberry
7%
Nottoway
7%
Oglethorpe
7%
Onslow
7%
Pendleton
7%
Perquimans
7%
Person
7%
Ross
7%
Rowan
7%
Russell
7%
Tazewell
7%
Tyrrell
7%
Brooke
6%
Caswell
6%
Christian
6%
Clermont
6%
Effingham
6%
Glynn
6%
Granville
6%
Kershaw
6%
Lenoir
6%
McIntosh
6%
Nicholas
6%
Sevier
6%
St. Clair
6%
Stokes
6%
Sumner
6%
Blount
5%
Bullitt
5%
Bulloch
5%
Cocke
5%
Duplin
5%
Elizabeth City
5%
Fleming
5%
Greenbrier
5%
Hardy
5%
Hawkins
5%
Jessamine
5%
Screven
5%
Woodford
5%
Barren
4%
Bracken
4%
Elbert
4%
Gallatin
4%
Garrard
4%
Muhlenberg
4%
Nansemond
4%
Breckinridge
3%
Dickenson
3%
Grainger
3%
Pickering
1%
No matching quizzes found
Score Distribution
Percent of People with Each Score
Percentile by Number Answered
Your Score History
You have not taken this quiz